[Event "4NCL Online Division 7"]
[Site "online"]
[Date "2021.02.09"]
[EventDate "2021.02.09"]
[Round "2.221"]
[White "Smith, Mark"]
[WhiteElo "1607"]
[WhiteTeam "Wolfpack 2"]
[Black "Angelopoulos, Andreas"]
[BlackElo "1509"]
[BlackTeam "Barnet Knights D"]
[Result "1-0"]
[PlyCount "45"]

1. Nf3 Nf6 2. d4 d5 3. Bg5 e6 4. c4 Be7 5. Nc3 O-O 6. e3 b6 7. cxd5 Nxd5 8. Bxe7 Nxe7 9. Bd3 Bb7 10. Bxh7+ Kxh7 11. Ng5+ Kg6 12. Qg4 Kh6 13. f4 Nf5 14. Qh3+ Kg6 15. e4 Nxd4 16. O-O-O Qd6 17. Qh7+ Kf6 18. e5+ Qxe5 19. fxe5+ Kxg5 20. Qxg7+ Kf5 21. Qf6+ Kg4 22. Rxd4+ Kh5 23. Rh4# 1-0

[Event "4NCL Online Division 7"]
[Site "online"]
[Date "2021.02.09"]
[EventDate "2021.02.09"]
[Round "2.222"]
[White "Oh, Julie"]
[WhiteElo "1503"]
[WhiteTeam "Barnet Knights D"]
[Black "Wootton, Stephen G"]
[BlackElo "1591"]
[BlackTeam "Wolfpack 2"]
[Result "0-1"]
[PlyCount "88"]

1. e4 c5 2. Nc3 d6 3. f4 g6 4. Nf3 Bg7 5. Bc4 Nc6 6. Bb5 Bd7 7. Bxc6 Bxc6 8. d3 e6 9. O-O Ne7 10. Bd2 O-O 11. Qe1 b5 12. Qh4 f6 13. e5 Bxf3 14. exd6 Nf5 15. Qf2 Bc6 16. Qxc5 Qxd6 17. Qf2 Qd4 18. g4 Qxf2+ 19. Rxf2 Nd4 20. Re1 Rae8 21. Kf1 Nxc2 22. Rd1 f5 23. g5 Bd4 24. Re2 Bf3 25. Nxb5 Bxe2+ 26. Kxe2 Bb6 27. Rc1 Nd4+ 28. Nxd4 Bxd4 29. b3 Rc8 30. Rb1 Rc2 31. a4 Bc3 32. Rd1 Bxd2 33. Rxd2 Rfc8 34. b4 Rxd2+ 35. Kxd2 Kf7 36. b5 Ke7 37. d4 Kd6 38. Kd3 Kd5 39. a5 Rb8 40. b6 axb6 41. a6 Ra8 42. h4 Rxa6 43. Ke3 Ra3+ 44. Ke2 Kxd4 0-1

[Event "4NCL Online Division 7"]
[Site "online"]
[Date "2021.02.09"]
[EventDate "2021.02.09"]
[Round "2.223"]
[White "Pratley, Ian"]
[WhiteElo "1571"]
[WhiteTeam "Wolfpack 2"]
[Black "Gardner, Kai"]
[BlackElo "1374"]
[BlackTeam "Barnet Knights D"]
[Result "0-1"]
[PlyCount "84"]

1. f4 d6 2. Nf3 Nc6 3. b3 Nf6 4. Bb2 e6 5. e3 Be7 6. Be2 Bd7 7. O-O O-O 8. a3 d5 9. Ne5 Bd6 10. d3 h6 11. Nd2 Nh7 12. Ndf3 f6 13. Nxd7 Qxd7 14. Nh4 Qf7 15. Bh5 Qd7 16. Qg4 f5 17. Qh3 Nf6 18. Ng6 Nxh5 19. Nxf8 Rxf8 20. Qxh5 e5 21. Rf3 exf4 22. exf4 d4 23. Re1 Kh7 24. Qh4 Be7 25. Qf2 Bc5 26. Qe2 Rf6 27. b4 Bb6 28. Kf1 a6 29. Qd2 Rg6 30. Rf2 Ne7 31. Rfe2 Nd5 32. g3 c5 33. bxc5 Bxc5 34. Kg1 Ne3 35. Qa5 b6 36. Qxa6 Qd6 37. Kf2 Ng4+ 38. Kg1 Ne3 39. Kf2 Ng4+ 40. Kg1 Qd5 41. Qc8 Ne3 42. Kf2 Qg2# 0-1

[Event "4NCL Online Division 7"]
[Site "online"]
[Date "2021.02.09"]
[EventDate "2021.02.09"]
[Round "2.224"]
[White "Rupf, Oscar"]
[WhiteElo "1365"]
[WhiteTeam "Barnet Knights D"]
[Black "Vernon, Colin G"]
[BlackElo "1386"]
[BlackTeam "Wolfpack 2"]
[Result "0-1"]
[PlyCount "52"]

1. e4 e6 2. d4 d5 3. e5 c5 4. c3 Nc6 5. Nf3 Bd7 6. a3 a5 7. Nbd2 cxd4 8. cxd4 Qb6 9. Nb1 Nge7 10. Nc3 Nf5 11. Bb5 Nfxd4 12. Nxd4 Qxd4 13. Qxd4 Nxd4 14. Bxd7+ Kxd7 15. O-O Nb3 16. Rb1 Nxc1 17. Rbxc1 Be7 18. Na4 Ra6 19. Nc5+ Bxc5 20. Rxc5 Rc8 21. Rb5 b6 22. Rb1 Rc4 23. h3 Re4 24. f3 Rxe5 25. b4 a4 26. Rc1 Re3 0-1

[Event "4NCL Online Division 7"]
[Site "online"]
[Date "2021.02.09"]
[EventDate "2021.02.09"]
[Round "2.231"]
[White "Fell, Colin C"]
[WhiteElo "1622"]
[WhiteTeam "Crowthorne 2"]
[Black "Patel, Sen"]
[BlackElo "1620"]
[BlackTeam "KCJS 2"]
[Result "1/2-1/2"]
[PlyCount "128"]

1. d3 c6 2. g3 d5 3. Bg2 Nf6 4. Nd2 e6 5. e4 Bc5 6. Ne2 O-O 7. h3 Qb6 8. O-O Nbd7 9. Nb3 Bd6 10. Kh2 Nc5 11. f4 dxe4 12. dxe4 Ncxe4 13. Qd3 Qb4 14. a3 Qa4 15. Be3 Be7 16. Rad1 Nd6 17. Bc5 Rd8 18. Nc3 Qa6 19. Qxa6 bxa6 20. Bxc6 Bb7 21. Bxd6 Bxc6 22. Bxe7 Re8 23. Bxf6 gxf6 24. Rd6 Bb7 25. Rd7 Bc6 26. Rc7 Bd5 27. Nxd5 exd5 28. Nd4 Re4 29. c3 Rb8 30. Rf2 Ra8 31. Kg2 Kg7 32. Rd7 Re1 33. Rxd5 Rb1 34. b3 Rc8 35. c4 Re8 36. c5 Rc1 37. c6 Ree1 38. Rc2 Rxc2+ 39. Nxc2 Re2+ 40. Kf3 Rxc2 41. Rd6 Kf8 42. Rxf6 Ke7 43. Rh6 a5 44. b4 Rc3+ 45. Kg4 Rxa3 46. bxa5 Rxa5 47. Rxh7 Rc5 48. Rh8 Rxc6 49. Ra8 Rc7 50. h4 Kf6 51. Kf3 Kg6 52. g4 Kg7 53. h5 Kh6 54. Kg3 f6 55. Kh4 Kg7 56. g5 fxg5+ 57. Kxg5 Rc5+ 58. f5 Rc7 59. h6+ Kh7 60. Kh5 Rf7 61. Kg5 Rc7 62. Kf6 Rc6+ 63. Kf7 Rc7+ 64. Kf6 Rc6+ 1/2-1/2

[Event "4NCL Online Division 7"]
[Site "online"]
[Date "2021.02.09"]
[EventDate "2021.02.09"]
[Round "2.232"]
[White "Patel, Zain"]
[WhiteElo "1444"]
[WhiteTeam "KCJS 2"]
[Black "Ibrahimli, Ilham"]
[BlackElo "1105"]
[BlackTeam "Crowthorne 2"]
[Result "1-0"]
[PlyCount "53"]

1. d4 d5 2. c4 e6 3. Nc3 Nf6 4. cxd5 exd5 5. Bg5 Bb4 6. Nf3 Bf5 7. e3 Nc6 8. Bb5 Bd7 9. O-O a6 10. Ba4 b5 11. Bb3 Bxc3 12. bxc3 Bf5 13. Ne5 Qd6 14. Qf3 Nxe5 15. Qxf5 Ned7 16. f3 O-O 17. e4 dxe4 18. fxe4 Qc6 19. e5 Nd5 20. Qf3 N7b6 21. Rae1 Qxc3 22. Qxc3 Nxc3 23. Be7 Rfc8 24. Rxf7 Nbd5 25. Ref1 Ne2+ 26. Kh1 Nxe7 27. Rf8# 1-0

[Event "4NCL Online Division 7"]
[Site "online"]
[Date "2021.02.09"]
[EventDate "2021.02.09"]
[Round "2.233"]
[White "Adhikari, Aanya"]
[WhiteElo "1127"]
[WhiteTeam "Crowthorne 2"]
[Black "Singh, Hari"]
[BlackElo "1404"]
[BlackTeam "KCJS 2"]
[Result "1-0"]
[PlyCount "47"]

1. e4 c5 2. Nf3 d6 3. Nc3 Nc6 4. Bc4 Nf6 5. Ng5 e6 6. d3 h6 7. Nf3 Be7 8. Be3 g5 9. Qe2 a6 10. h3 b5 11. Bb3 d5 12. Bd2 c4 13. dxc4 dxc4 14. Bxc4 bxc4 15. Qxc4 Na5 16. Qe2 Rb8 17. O-O-O Qb6 18. Na4 Qb7 19. Bxa5 Bd7 20. Nb6 Nxe4 21. Rhe1 Nf6 22. b3 Ba3+ 23. Kb1 Ba4 24. Nxa4 1-0

[Event "4NCL Online Division 7"]
[Site "online"]
[Date "2021.02.09"]
[EventDate "2021.02.09"]
[Round "2.234"]
[White "Gupta, Aarav G"]
[WhiteElo "1316"]
[WhiteTeam "KCJS 2"]
[Black "Jodhka, Aarav"]
[BlackElo "1000"]
[BlackTeam "Crowthorne 2"]
[Result "1-0"]
[PlyCount "133"]

1. e4 c5 2. Nf3 d6 3. h3 Nf6 4. Nc3 Nc6 5. Bb5 Bd7 6. Bc4 g6 7. d3 Bg7 8. Bf4 O-O 9. O-O e5 10. Bg5 h6 11. Bh4 Qb6 12. Rb1 Rfe8 13. Bxf6 Bxf6 14. Nd5 Qd8 15. Nc3 Be6 16. Bb5 Bd7 17. Nd5 Bg7 18. Bc4 Ne7 19. Nc3 Nc6 20. a3 Be6 21. Bb5 Bd7 22. Ba4 Ne7 23. Bb3 Nc6 24. Nb5 Be6 25. Ba4 a6 26. Nc3 b5 27. Bb3 Bxb3 28. cxb3 Re6 29. Nd5 Ne7 30. Ne3 d5 31. Rc1 Rc8 32. b4 dxe4 33. dxe4 Qxd1 34. Rfxd1 Rec6 35. bxc5 Rxc5 36. Rd8+ Rxd8 37. Rxc5 Rc8 38. Rxc8+ Nxc8 39. Nd5 Nd6 40. Nd2 h5 41. f3 Bh6 42. Nb3 Nc4 43. Nc5 a5 44. Nd3 Kf8 45. Kf2 f5 46. Ke2 fxe4 47. fxe4 Kf7 48. Nc7 b4 49. axb4 axb4 50. b3 Nd6 51. Nxe5+ Kf6 52. Nc6 Nxe4 53. Nxb4 Nc5 54. Ncd5+ Ke5 55. Ne7 Kf6 56. Ng8+ Kg5 57. h4+ Kxh4 58. Nxh6 Nxb3 59. Kf2 Nd4 60. Nf7 Nf5 61. Nd5 g5 62. Ne5 g4 63. Ng6+ Kg5 64. Ngf4 g3+ 65. Kg1 h4 66. Nh3+ Kg4 67. Nf6# 1-0

[Event "4NCL Online Division 7"]
[Site "online"]
[Date "2021.02.09"]
[EventDate "2021.02.09"]
[Round "2.241"]
[White "Peacock, Christopher D"]
[WhiteElo "1495"]
[WhiteTeam "Wessex Some Stars G"]
[Black "Chen, William"]
[BlackElo "1320"]
[BlackTeam "Maidenhead 3"]
[Result "0-1"]
[PlyCount "108"]

1. d4 d5 2. Bf4 c5 3. e3 Nf6 4. Nf3 Bf5 5. c3 c4 6. Nbd2 e6 7. Be2 Nbd7 8. h3 h6 9. O-O Be7 10. Bh2 O-O 11. b3 b5 12. b4 Ne4 13. Nxe4 Bxe4 14. Nd2 Nf6 15. f3 Bg6 16. Re1 a5 17. a3 axb4 18. axb4 Qd7 19. Qc1 Nh5 20. Nf1 Bh4 21. g3 Be7 22. e4 dxe4 23. fxe4 Bg5 24. Qb2 Be7 25. e5 Bg5 26. h4 Be7 27. Bf3 Rxa1 28. Rxa1 f5 29. Qg2 Be8 30. Nd2 Kh7 31. Ra6 Qc8 32. Bb7 Qc7 33. Rxe6 f4 34. g4 Ng3 35. Bxg3 fxg3 36. Be4+ Kg8 37. Qxg3 Qa7 38. Rxe7 Qxe7 39. Bd5+ Bf7 40. Bxf7+ Qxf7 41. Qg2 Qa7 42. Qd5+ Kh8 43. Qc5 Qa1+ 44. Kg2 Ra8 45. d5 Qxc3 46. Qf2 Qd3 47. d6 Qd5+ 48. Kh2 Qxe5+ 49. Qg3 Qe2+ 50. Qg2 Qxg2+ 51. Kxg2 Ra2 52. d7 Rxd2+ 53. Kf3 Rxd7 54. Ke3 c3 0-1

[Event "4NCL Online Division 7"]
[Site "online"]
[Date "2021.02.09"]
[EventDate "2021.02.09"]
[Round "2.242"]
[White "Kumar, Satyam"]
[WhiteElo "1315"]
[WhiteTeam "Maidenhead 3"]
[Black "Cuthbert, Larissa"]
[BlackElo "1429"]
[BlackTeam "Wessex Some Stars G"]
[Result "1-0"]
[PlyCount "117"]

1. e4 e6 2. d4 d5 3. exd5 exd5 4. Nc3 Nf6 5. Nf3 Bd6 6. Bd3 Nc6 7. O-O Be6 8. h3 Qd7 9. Re1 O-O-O 10. Ne5 Bxe5 11. dxe5 d4 12. exf6 dxc3 13. fxg7 cxb2 14. gxh8=Q Rxh8 15. Bxb2 Rg8 16. Re3 Bxh3 17. Rg3 Rxg3 18. fxg3 Bg4 19. Be2 Qxd1+ 20. Bxd1 Bxd1 21. Rxd1 Nb4 22. Bf6 b6 23. Rd8+ Kb7 24. Rd7 Nxa2 25. Rxf7 Nb4 26. Rxh7 Nxc2 27. Be5 a5 28. Bxc7 Ka6 29. Bb8 Nd4 30. Ra7+ Kb5 31. Rd7 Nb3 32. Ba7 a4 33. Rd6 a3 34. Rxb6+ Kc4 35. Rxb3 Kxb3 36. Bd4 Kc4 37. Bh8 Kd5 38. Kf2 Ke6 39. Ke2 Kf5 40. Kf3 Ke6 41. g4 Kf7 42. g5 Kg6 43. Kf4 a2 44. Ba1 Kf7 45. Kf5 Kf8 46. Kf6 Kg8 47. Kg6 Kf8 48. Kh7 Kf7 49. g6+ Kf8 50. g7+ Ke7 51. g8=Q Kd6 52. Qg5 Ke6 53. Qe5+ Kd7 54. Qf6 Kc7 55. Be5+ Kd7 56. Qd6+ Ke8 57. Qc7 Kf8 58. Bf6 a1=Q 59. Qe7# 1-0

[Event "4NCL Online Division 7"]
[Site "online"]
[Date "2021.02.09"]
[EventDate "2021.02.09"]
[Round "2.243"]
[White "Le Fevre, Stephen D"]
[WhiteElo "1338"]
[WhiteTeam "Wessex Some Stars G"]
[Black "Balachandar, Sridhar"]
[BlackElo "1216"]
[BlackTeam "Maidenhead 3"]
[Result "0-1"]
[PlyCount "124"]

1. d4 Nf6 2. c4 e5 3. dxe5 Ng4 4. Nf3 d6 5. e4 Nc6 6. h3 Ngxe5 7. Nbd2 Be6 8. Nxe5 Nxe5 9. Qc2 Qf6 10. Nb3 Nc6 11. Bd2 O-O-O 12. Bc3 Qg5 13. Bd2 Qf6 14. Qc3 Qg6 15. Qc2 Qf6 16. O-O-O Qxf2 17. Bc3 Qf4+ 18. Kb1 f5 19. Bd3 fxe4 20. Bxe4 Bxc4 21. Bd2 Qe5 22. Qxc4 d5 23. Bxd5 Qxd5 24. Qg4+ Qd7 25. Qxd7+ Rxd7 26. Bc3 Bd6 27. Rhe1 Rf8 28. Nd4 Nxd4 29. Bxd4 g5 30. Bc3 h5 31. Re6 b6 32. Rde1 Rdd8 33. Bf6 Bg3 34. R1e2 Rd5 35. Re8+ Rxe8 36. Rxe8+ Kb7 37. Rh8 h4 38. Rg8 Bf4 39. Rg7 Rc5 40. a3 a5 41. Ka2 a4 42. Bd8 b5 43. Bf6 Rf5 44. Bd8 Rd5 45. Bf6 Kb6 46. Bc3 Kb7 47. Kb1 Rc5 48. Kc2 Be5 49. Rxg5 Bd6 50. Rxc5 Bxc5 51. Bf6 Bf2 52. Kd3 Bg3 53. Ke4 Kb6 54. Kf5 c5 55. Kg4 b4 56. Bxh4 Bxh4 57. Kxh4 bxa3 58. bxa3 c4 59. g4 c3 60. g5 c2 61. g6 c1=Q 62. g7 Qh6+ 0-1

[Event "4NCL Online Division 7"]
[Site "online"]
[Date "2021.02.09"]
[EventDate "2021.02.09"]
[Round "2.251"]
[White "Shiva, Shrishti"]
[WhiteElo "1219"]
[WhiteTeam "Colchester JFF C"]
[Black "Richards, Simon A"]
[BlackElo "1614"]
[BlackTeam "Wantage B"]
[Result "1-0"]
[PlyCount "113"]

1. e4 c5 2. Nf3 d6 3. h3 Nf6 4. Nc3 a6 5. a3 e6 6. d4 cxd4 7. Nxd4 Nbd7 8. Bg5 Be7 9. Nf3 Qc7 10. Be2 b5 11. O-O Bb7 12. Bd3 O-O 13. Re1 Rac8 14. Qd2 Rfe8 15. Rad1 Nc5 16. Qe2 h6 17. Bh4 Nh5 18. Bxe7 Qxe7 19. Nd4 Nf4 20. Qe3 Qg5 21. Bf1 Nxh3+ 22. Qxh3 Qg6 23. Qe3 d5 24. e5 Nd7 25. g3 Nb6 26. Bd3 Qg4 27. Qf3 Qxf3 28. Nxf3 Red8 29. Ne2 Nc4 30. Rb1 Kf8 31. Bxc4 Rxc4 32. c3 Ke7 33. Nd2 Rc5 34. Nd4 Bc8 35. Rbc1 Bd7 36. b4 Rc7 37. N2b3 f6 38. Nc5 Kf7 39. Nxa6 Ra7 40. Nc5 Rxa3 41. Nxd7 Rxd7 42. Nxb5 Ra2 43. Nd6+ Ke7 44. Nb5 fxe5 45. Rxe5 Rb7 46. Nd4 Rb6 47. Rce1 Ra3 48. Rxe6+ Rxe6 49. Rxe6+ Kf7 50. Rc6 Ra1+ 51. Kg2 Rd1 52. b5 Ke7 53. b6 Kd7 54. Rc5 Kd6 55. Rb5 Rxd4 56. cxd4 Kc6 57. Rb1 1-0

[Event "4NCL Online Division 7"]
[Site "online"]
[Date "2021.02.09"]
[EventDate "2021.02.09"]
[Round "2.252"]
[White "Mills, Matt"]
[WhiteElo "1439"]
[WhiteTeam "Wantage B"]
[Black "Baig, Huzaifa"]
[BlackElo "1212"]
[BlackTeam "Colchester JFF C"]
[Result "0-1"]
[PlyCount "98"]

1. e4 e5 2. Nf3 Nc6 3. Bc4 h6 4. O-O Nf6 5. Nc3 Bc5 6. d3 d6 7. Be3 Bb6 8. d4 exd4 9. Nxd4 Nxd4 10. Bxd4 Bxd4 11. Qxd4 O-O 12. Rad1 Bd7 13. e5 dxe5 14. Qxe5 Re8 15. Qd4 c6 16. Rfe1 Rxe1+ 17. Rxe1 Bf5 18. Qxd8+ Rxd8 19. Bb3 Kf8 20. h3 Bh7 21. Re2 Bg6 22. f3 h5 23. Ne4 Nxe4 24. fxe4 Re8 25. e5 f6 26. e6 Bf5 27. Kf2 Ke7 28. Kg3 Rd8 29. Kf4 g6 30. g4 Rd4+ 31. Kf3 hxg4+ 32. hxg4 Bxg4+ 33. Ke3 Bxe2 34. Kxd4 Bg4 35. c3 Bxe6 36. Bc2 Bf7 37. b3 Kd6 38. c4 c5+ 39. Ke4 b6 40. a3 a5 41. Ke3 Ke5 42. Kd3 f5 43. Ke3 g5 44. Kf3 Bh5+ 45. Kg3 f4+ 46. Kf2 Kd4 47. Kg2 Kc3 48. Be4 Kxb3 49. Bd5 Kxa3 0-1

[Event "4NCL Online Division 7"]
[Site "online"]
[Date "2021.02.09"]
[EventDate "2021.02.09"]
[Round "2.253"]
[White "Salkauskas, Deimantas"]
[WhiteElo "969"]
[WhiteTeam "Colchester JFF C"]
[Black "Barker, Richard"]
[BlackElo "1345"]
[BlackTeam "Wantage B"]
[Result "1-0"]
[PlyCount "85"]

1. e4 e5 2. Nf3 Nc6 3. Bc4 Bc5 4. O-O Nf6 5. Nc3 O-O 6. d3 h6 7. Be3 Bb4 8. d4 Bxc3 9. bxc3 Na5 10. Bd3 d6 11. dxe5 dxe5 12. Nxe5 Re8 13. Nf3 Bg4 14. h3 Bh5 15. Be2 Qe7 16. Nh4 Bxe2 17. Qxe2 Qxe4 18. Nf3 Nc4 19. Rad1 Nd5 20. Rd4 Qe6 21. Qxc4 c6 22. Rg4 Kh8 23. Qd4 Nf6 24. Rh4 b6 25. Ng5 Qd5 26. Qxd5 cxd5 27. Nxf7+ Kg8 28. Nd6 Red8 29. Nb5 Rd7 30. c4 a6 31. Nc3 dxc4 32. Rxc4 b5 33. Rc6 b4 34. Na4 Rdd8 35. Bxh6 Ne8 36. Bg5 Rd5 37. Nb6 Rxg5 38. Nxa8 a5 39. Nc7 Nf6 40. Ne6 Rd5 41. Re1 Rd7 42. Ng5 Nh5 43. Re8# 1-0

[Event "4NCL Online Division 7"]
[Site "online"]
[Date "2021.02.09"]
[EventDate "2021.02.09"]
[Round "2.254"]
[White "Leake, John"]
[WhiteElo "1303"]
[WhiteTeam "Wantage B"]
[Black "He, Kingsley"]
[BlackElo "842"]
[BlackTeam "Colchester JFF C"]
[Result "1-0"]
[PlyCount "113"]

1. d4 d5 2. e3 Nc6 3. Nf3 f6 4. Nc3 e6 5. e4 dxe4 6. Nxe4 e5 7. Be3 Bf5 8. Nc3 exd4 9. Nxd4 Nxd4 10. Bxd4 Qe7+ 11. Be2 O-O-O 12. O-O c5 13. Bg4 Rxd4 14. Bxf5+ Kb8 15. Qf3 Nh6 16. Bh3 Qc7 17. Rfe1 Bd6 18. g3 Qc6 19. Qxc6 bxc6 20. Bg2 Kc7 21. a4 Rd2 22. Be4 f5 23. Bd3 c4 24. Bxc4 Bc5 25. Rf1 Rxc2 26. Rab1 Ng4 27. Be2 Bb4 28. Bxg4 fxg4 29. Rfe1 Rd8 30. Re4 Bc5 31. Nd1 Rxd1+ 32. Rxd1 Rxf2 33. Kh1 Rxb2 34. Rxg4 Ra2 35. Rxg7+ Kb6 36. Rxh7 Rxa4 37. Kg2 Rd4 38. Rb1+ Rb4 39. Ra1 Rb2+ 40. Kh3 a5 41. Rh8 Bd4 42. Ra8 Rxh2+ 43. Kxh2 Bxa1 44. Rf8 c5 45. Rb8+ Ka6 46. Rb1 Bd4 47. g4 a4 48. Kg3 a3 49. Rb8 Bb2 50. Kf3 c4 51. Ke3 c3 52. Kd3 Ka7 53. Rb4 Ka6 54. Kc2 Ka5 55. Rb3 Ka4 56. Rxc3 Bxc3 57. Kxc3 1-0

[Event "4NCL Online Division 7"]
[Site "online"]
[Date "2021.02.09"]
[EventDate "2021.02.09"]
[Round "2.261"]
[White "Geear, Alistair"]
[WhiteElo "1600"]
[WhiteTeam "Harborough Cuatro 2"]
[Black "Burling, Andrew"]
[BlackElo "1315"]
[BlackTeam "Horsham 3"]
[Result "1-0"]
[PlyCount "66"]

1. d4 Nf6 2. c4 e5 3. dxe5 Ng4 4. Nc3 Bc5 5. e3 Nc6 6. Qxg4 O-O 7. Nf3 d6 8. Qe4 dxe5 9. Bd3 f5 10. Qd5+ Qxd5 11. Nxd5 e4 12. Nxc7 Rb8 13. Be2 exf3 14. Bxf3 Nb4 15. O-O Rf7 16. Nd5 Rd7 17. Nxb4 Bxb4 18. a3 Be7 19. Bd5+ Kf8 20. Bd2 b5 21. Bc3 Ba6 22. Bc6 Rd6 23. Be5 Rxc6 24. Bxb8 bxc4 25. Rfc1 Bb7 26. Bxa7 Rg6 27. f3 Bxf3 28. Kf2 Bd5 29. Bd4 Rxg2+ 30. Kf1 Bh4 31. e4 Bxe4 32. Rxc4 Bd3+ 33. Kxg2 Bxc4 1-0

[Event "4NCL Online Division 7"]
[Site "online"]
[Date "2021.02.09"]
[EventDate "2021.02.09"]
[Round "2.262"]
[White "Roberts, Harry"]
[WhiteElo "1248"]
[WhiteTeam "Horsham 3"]
[Black "Garland, Michael A snr"]
[BlackElo "1510"]
[BlackTeam "Harborough Cuatro 2"]
[Result "1-0"]
[PlyCount "73"]

1. e4 c5 2. Nf3 d6 3. d4 cxd4 4. Nxd4 Nf6 5. Nc3 e5 6. Nb3 a6 7. Be2 Be7 8. O-O Nc6 9. Be3 Be6 10. Re1 O-O 11. h3 b5 12. Nd5 Nxe4 13. Nxe7+ Qxe7 14. Bf3 d5 15. Bc1 Nf6 16. a4 bxa4 17. Rxa4 Bd7 18. Ra1 Bf5 19. g4 Bg6 20. c3 e4 21. Be2 a5 22. g5 Nd7 23. Qxd5 Nde5 24. Nxa5 Rfd8 25. Qb5 Rdb8 26. Qd5 Rd8 27. Nxc6 Nxc6 28. Qxc6 Rxa1 29. f3 exf3 30. Qxf3 Rf8 31. Qg2 f6 32. gxf6 Rxf6 33. Rf1 Rxf1+ 34. Qxf1 Qa7+ 35. Kh2 Be4 36. Bc4+ Bd5 37. Bxd5+ 1-0

[Event "4NCL Online Division 7"]
[Site "online"]
[Date "2021.02.09"]
[EventDate "2021.02.09"]
[Round "2.263"]
[White "Collins, RF (Bob)"]
[WhiteElo "1468"]
[WhiteTeam "Harborough Cuatro 2"]
[Black "Cowley, Charlie"]
[BlackElo "1219"]
[BlackTeam "Horsham 3"]
[Result "0-1"]
[PlyCount "88"]

1. Nf3 Nf6 2. g3 g6 3. Bg2 Bg7 4. O-O d6 5. d3 O-O 6. c4 Nc6 7. Nc3 Bg4 8. Bd2 Re8 9. Qc1 Qd7 10. Bh6 Rab8 11. Bxg7 Kxg7 12. a3 h6 13. b4 Rh8 14. Qb2 e5 15. b5 Ne7 16. Nd2 Bh3 17. Nce4 Nxe4 18. Nxe4 Bxg2 19. Kxg2 f6 20. h3 f5 21. Nd2 Qe6 22. f4 Kh7 23. fxe5 dxe5 24. Qb4 h5 25. Nf3 Qf6 26. h4 Rhg8 27. Ng5+ Kh8 28. Qc5 c6 29. bxc6 Nxc6 30. Rab1 b6 31. Qd5 Nd4 32. e4 Rg7 33. Rb2 Rd8 34. Qxd8+ Qxd8 35. exf5 gxf5 36. Rbf2 Qc8 37. Re1 Re7 38. Rxe5 Rxe5 39. Nf7+ Kg7 40. Nxe5 Kf6 41. Nf3 Nxf3 42. Rxf3 Qc6 43. Kf2 Qc5+ 44. Ke2 Qxa3 0-1

[Event "4NCL Online Division 7"]
[Site "online"]
[Date "2021.02.09"]
[EventDate "2021.02.09"]
[Round "2.264"]
[White "Jefferson, Simon"]
[WhiteElo "900"]
[WhiteTeam "Horsham 3"]
[Black "Butler, Rene"]
[BlackElo "1166"]
[BlackTeam "Harborough Cuatro 2"]
[Result "0-1"]
[PlyCount "77"]

1. Nf3 Nf6 2. Nc3 d5 3. b3 Nc6 4. d3 g6 5. e3 Bg7 6. e4 d4 7. Nd5 Nxd5 8. exd5 Qxd5 9. c4 dxc3 10. Qc2 O-O 11. Qxc3 Bxc3+ 12. Kd1 Bxa1 13. Bd2 Bg4 14. h3 Bxf3+ 15. gxf3 Qxf3+ 16. Be2 Qxh1+ 17. Kc2 Nd4# 0-1

[Event "4NCL Online Division 7"]
[Site "online"]
[Date "2021.02.09"]
[EventDate "2021.02.09"]
[Round "2.271"]
[White "Bhat, Advay"]
[WhiteElo "1247"]
[WhiteTeam "Uxbridge Fury"]
[Black "Lataille, Matthias"]
[BlackElo "1547"]
[BlackTeam "Redbridge All Sorts 4"]
[Result "0-1"]
[PlyCount "42"]

1. e4 e5 2. Nf3 Nc6 3. Nc3 Nf6 4. d3 Bb4 5. Bd2 O-O 6. Be2 d5 7. Nxd5 Nxd5 8. exd5 Qxd5 9. O-O Bd6 10. c4 Qe6 11. Qc2 Nd4 12. Nxd4 exd4 13. Rfe1 Qg6 14. Bf3 c5 15. Bd5 Bf5 16. Be4 Bxe4 17. Rxe4 f5 18. Re2 Qh5 19. f3 Qxh2+ 20. Kf2 Bg3+ 21. Kf1 Qh1# 0-1

[Event "4NCL Online Division 7"]
[Site "online"]
[Date "2021.02.09"]
[EventDate "2021.02.09"]
[Round "2.272"]
[White "Wang, Luoke"]
[WhiteElo "1446"]
[WhiteTeam "Redbridge All Sorts 4"]
[Black "Cepoi, Gesneria-Codruta"]
[BlackElo "942"]
[BlackTeam "Uxbridge Fury"]
[Result "1-0"]
[PlyCount "57"]

1. d4 e6 2. c4 Nf6 3. g3 Bb4+ 4. Bd2 a5 5. Nf3 d5 6. Bg2 dxc4 7. a3 Bxd2+ 8. Nbxd2 b5 9. a4 c3 10. bxc3 c6 11. Ne5 Bd7 12. axb5 cxb5 13. Bxa8 a4 14. Bg2 O-O 15. O-O Re8 16. Qb1 Nd5 17. Rc1 Qa5 18. Nb3 Qc7 19. Nc5 Bc6 20. e3 f6 21. Nxc6 Qxc6 22. c4 bxc4 23. Rxc4 Qd6 24. Bxd5 exd5 25. Rcxa4 Nc6 26. Ra8 Rxa8 27. Rxa8+ Kf7 28. Qb7+ Kg6 29. Ra6 1-0

[Event "4NCL Online Division 7"]
[Site "online"]
[Date "2021.02.09"]
[EventDate "2021.02.09"]
[Round "2.273"]
[White "Mangalagiri, Pranav"]
[WhiteElo "957"]
[WhiteTeam "Uxbridge Fury"]
[Black "White, Nigel"]
[BlackElo "1414"]
[BlackTeam "Redbridge All Sorts 4"]
[Result "0-1"]
[PlyCount "60"]

1. e4 c5 2. Nf3 d6 3. Bc4 Nf6 4. d3 Nc6 5. O-O e6 6. c3 a6 7. a4 Be7 8. Bg5 O-O 9. Bxf6 Bxf6 10. Nbd2 Qc7 11. Re1 Rd8 12. Nf1 Bd7 13. Qc2 Ne5 14. Nxe5 Bxe5 15. Bb3 Bc6 16. Ne3 d5 17. exd5 exd5 18. c4 Bxh2+ 19. Kh1 d4 20. Nd1 Bd6 21. a5 Re8 22. Qd2 Bf4 23. Rxe8+ Rxe8 24. Ne3 dxe3 25. Qe2 Qd6 26. Re1 Qh6+ 27. Qh5 Qxh5+ 28. Kg1 Qh2+ 29. Kf1 Qxg2+ 30. Ke2 Bf3# 0-1

[Event "4NCL Online Division 7"]
[Site "online"]
[Date "2021.02.09"]
[EventDate "2021.02.09"]
[Round "2.274"]
[White "Segat, Davide"]
[WhiteElo "1292"]
[WhiteTeam "Redbridge All Sorts 4"]
[Black "Peddireddi, Satya"]
[BlackElo "920"]
[BlackTeam "Uxbridge Fury"]
[Result "1-0"]
[PlyCount "155"]

1. c4 e5 2. g3 c6 3. Bg2 Bc5 4. Nc3 Nf6 5. Rb1 Na6 6. a3 Bb6 7. b4 d5 8. c5 Bc7 9. Nf3 e4 10. Ng5 Nh5 11. e3 Qxg5 12. O-O Nf6 13. Bb2 Nb8 14. Ne2 Nbd7 15. Nd4 Ne5 16. f4 Qh6 17. fxe5 Ng4 18. h3 Bxe5 19. Qe1 Nf6 20. Nf5 Bxf5 21. Rxf5 Bxb2 22. Rxb2 O-O 23. g4 Ne8 24. Qg3 g6 25. Rf4 Qg7 26. Rb1 a5 27. b5 cxb5 28. Rxb5 Qa1+ 29. Kh2 Qxa3 30. Rxb7 Qxc5 31. Qf2 Nd6 32. Rd7 a4 33. Rf6 Ra6 34. h4 a3 35. h5 a2 36. Rfxd6 a1=Q 37. Rxd5 Qc4 38. Rd8 Ra8 39. R8d7 Ra7 40. Rd4 Qc5 41. h6 Qe5+ 42. Kh3 Qexd4 43. Rxd4 f5 44. gxf5 Rf6 45. Bxe4 gxf5 46. Qg3+ Rg6 47. Bd5+ Kf8 48. Qb8+ Ke7 49. Qe5+ Kf8 50. Qxf5+ Ke8 51. Qc8+ Ke7 52. Re4+ Kf6 53. Qe6+ Kg5 54. Qg4+ Kxh6 55. Qh4+ Kg7 56. Rg4 Qf1+ 57. Bg2 Qe2 58. Rxg6+ hxg6 59. Qd4+ Kh6 60. Qxa7 Qxd2 61. Qd4 Qf2 62. Qh4+ Qxh4+ 63. Kxh4 g5+ 64. Kg4 Kg6 65. Be4+ Kf6 66. Bd3 Ke5 67. e4 Kd4 68. Bb1 Ke5 69. Kxg5 Kd4 70. Kf5 Kc5 71. e5 Kc6 72. Kf6 Kd7 73. Bf5+ Ke8 74. Bg4 Kf8 75. Bh5 Kg8 76. e6 Kf8 77. e7+ Kg8 78. e8=Q+ 1-0

[Event "4NCL Online Division 7"]
[Site "online"]
[Date "2021.02.09"]
[EventDate "2021.02.09"]
[Round "2.281"]
[White "Catabay, Mae Katelyn Rose"]
[WhiteElo "1565"]
[WhiteTeam "Colchester JFF B"]
[Black "Scott, Jane"]
[BlackElo "1356"]
[BlackTeam "Barnet Knights E"]
[Result "1-0"]
[PlyCount "93"]

1. e4 e5 2. f4 d5 3. exd5 exf4 4. Nf3 Nf6 5. c4 Bc5 6. d4 Bb4+ 7. Bd2 Bd6 8. Nc3 Qe7+ 9. Qe2 Qxe2+ 10. Bxe2 O-O 11. O-O Re8 12. Rae1 Bf5 13. Nb5 Na6 14. Nxd6 cxd6 15. Bxf4 Rad8 16. a3 Ng4 17. Nh4 Bc8 18. b4 Ne3 19. Bxe3 Rxe3 20. b5 Nb8 21. a4 Rde8 22. Kf2 R3e4 23. Nf3 Rf4 24. Bd3 Bd7 25. Rxe8+ Bxe8 26. Re1 Bd7 27. Kg3 Rg4+ 28. Kf2 Rf4 29. Re4 Rxe4 30. Bxe4 a6 31. Ke3 axb5 32. axb5 b6 33. Kd3 g6 34. Kc3 f5 35. Bd3 Be8 36. Ng5 Nd7 37. Ne6 Bf7 38. Nd8 Kf8 39. Nb7 Ke7 40. Kb4 Be8 41. c5 dxc5+ 42. dxc5 bxc5+ 43. Nxc5 Nxc5 44. Kxc5 Kd8 45. Kd6 Bd7 46. b6 Kc8 47. Ba6+ 1-0